| Tag |
First Indicator |
Second Indicator |
Subfields |
| LEADER |
00000cam a2200000 4500 |
| 001 |
in00000022243 |
| 005 |
20151007063921.0 |
| 008 |
750828s1957 nyu 00000 eng |
| 010 |
|
|
|a 57012160
|
| 035 |
|
|
|a (OCoLC)01577631
|
| 035 |
|
|
|9 AAD8592AM
|
| 040 |
|
|
|a DLC
|c DZM
|d TXA
|d UtOrBLW
|
| 041 |
1 |
|
|a eng
|a fre
|
| 049 |
|
|
|a TXAM
|c [297050]
|
| 050 |
0 |
0 |
|a PQ2605.O28
|b C8
|
| 082 |
0 |
|
|a 840.81
|
| 092 |
|
|
|a 840.81
|b C694c
|
| 100 |
0 |
|
|a Colette,
|d 1873-1954.
|
| 245 |
1 |
0 |
|a Creatures great and small :
|b Creature conversations; Other creatures; Creature comfort /
|c [Translated by Enid McLeod.
|
| 264 |
|
1 |
|a New York] :
|b Farrar, Straus & Cudahay,
|c [1957]
|
| 300 |
|
|
|a 322 pages ;
|c 20 cm.
|
| 336 |
|
|
|a text
|b txt
|2 rdacontent
|
| 337 |
|
|
|a unmediated
|b n
|2 rdamedia
|
| 338 |
|
|
|a volume
|b nc
|2 rdacarrier
|
| 490 |
0 |
|
|a Her Uniform edition of works, 2
|
| 740 |
0 |
|
|a Creature conversations.
|
| 740 |
0 |
|
|a Other creatures.
|
| 740 |
0 |
|
|a Creature comfort.
|
| 999 |
|
|
|a MARS
|
| 999 |
f |
f |
|s e1c9580d-4e73-3fd4-9971-f146486382b5
|i 0e6306e6-cab7-3ff1-b685-0ec47ad85b4a
|t 0
|
| 952 |
f |
f |
|p ric
|a Texas A&M University
|b Rellis Campus
|c Joint Library Facility
|d Remote Storage
|t 0
|e PQ2605.O28 C8
|h Library of Congress classification
|i unmediated -- volume
|m A14801361935
|
| 998 |
f |
f |
|a PQ2605.O28 C8
|t 0
|l Remote Storage
|